[Event "Villa Gesell"]
[Site "Villa Gesell"]
[Date "1996.??.??"]
[Round "1"]
[White "Rodriguez Vila, Andres"]
[Black "Soppe, Guillermo"]
[Result "1-0"]
[WhiteElo "2575"]
[BlackElo "2465"]
[PlyCount "119"]
[EventDate "1996.03.??"]
[EventType "tourn"]
[EventRounds "11"]
[EventCountry "ARG"]
[EventCategory "11"]
[SourceTitle "CBM 052"]
[Source "ChessBase"]
[SourceDate "1996.06.01"]
[SourceVersion "1"]
[SourceVersionDate "1996.06.01"]
[SourceQuality "1"]

1. e4 c6 2. d4 d5 3. e5 Bf5 4. Nf3 e6 5. Be2 Nd7 6. O-O Ne7 7. Nh4 Qb6 8. Nxf5
Nxf5 9. c3 c5 10. Bd3 Ne7 11. dxc5 Qxc5 12. Qe2 Qc7 13. f4 g6 14. Nd2 Nf5 15.
Nf3 Bc5+ 16. Kh1 h5 17. Bd2 h4 18. Bxf5 gxf5 19. h3 Be7 20. Be1 Rc8 21. Nd4 Qc4
22. Qf3 Nc5 23. b3 Qd3 24. Qxd3 Nxd3 25. Rf3 Nc5 26. Kh2 Ne4 27. Rc1 a6 28. a4
Bc5 29. Rd3 Ba7 30. Rc2 Bc5 31. Nf3 Be7 32. Rd1 Kf8 33. c4 Kg7 34. Rb2 dxc4 35.
bxc4 Rhd8 36. Rdb1 Nc5 37. Bf2 Rd7 38. Nxh4 Ne4 39. Rxb7 Rxb7 40. Rxb7 Bd8 41.
Be1 Rxc4 42. a5 Ra4 43. Nf3 Bxa5 44. Bh4 Bc3 45. g4 Ra2+ 46. Kg1 Ra1+ 47. Kg2
Ra2+ 48. Kf1 fxg4 49. hxg4 Kg6 50. Rb6 Kg7 51. f5 exf5 52. gxf5 Ra5 53. e6 fxe6
54. fxe6 Bf6 55. e7 Kf7 56. Re6 Ke8 57. Ke2 Bxh4 58. Nxh4 Rg5 59. Ng6 Rh5 60.
Ke3 1-0

[Event "Villa Gesell"]
[Site "Villa Gesell"]
[Date "1996.??.??"]
[Round "2"]
[White "Zarnicki, Pablo Adrian"]
[Black "Rodriguez Vila, Andres"]
[Result "1/2-1/2"]
[WhiteElo "2545"]
[BlackElo "2575"]
[PlyCount "98"]
[EventDate "1996.03.??"]
[EventType "tourn"]
[EventRounds "11"]
[EventCountry "ARG"]
[EventCategory "11"]
[SourceTitle "CBM 052"]
[Source "ChessBase"]
[SourceDate "1996.06.01"]
[SourceVersion "1"]
[SourceVersionDate "1996.06.01"]
[SourceQuality "1"]

1. e4 e6 2. d4 d5 3. Nd2 Nf6 4. Bd3 c5 5. e5 Nfd7 6. c3 Nc6 7. Ne2 cxd4 8. cxd4
f6 9. exf6 Nxf6 10. Nf3 Qc7 11. O-O Bd6 12. Bg5 O-O 13. Rc1 Bd7 14. Ng3 Kh8 15.
Bb1 g6 16. Bh6 Bf4 17. Bxf8 Bxc1 18. Qxc1 Rxf8 19. Ne5 Kg8 20. Qc5 Qb6 21. Qxb6
axb6 22. Nf3 Kg7 23. Rc1 Rc8 24. Ne2 Ne8 25. Rc3 Nd6 26. Bd3 Nb4 27. Rxc8 Bxc8
28. Bb1 Nc4 29. b3 Na3 30. Nc3 Nxb1 31. Nxb1 Nxa2 32. Nbd2 Bd7 33. Ne5 Bb5 34.
f4 Nc1 35. Kf2 Be2 36. Nd7 Bd1 37. Nxb6 Bxb3 38. Nd7 Bc2 39. Nc5 Nd3+ 40. Nxd3
Bxd3 41. Ke3 Bc2 42. g4 Kf6 43. g5+ Ke7 44. Nf3 Bf5 45. Kd2 Kd6 46. Ne5 Bh3 47.
Kc3 Bf1 48. Kb4 b6 49. Ng4 Ke7 1/2-1/2

[Event "Villa Gesell"]
[Site "Villa Gesell"]
[Date "1996.??.??"]
[Round "4"]
[White "Tempone, Marcelo"]
[Black "Rodriguez Vila, Andres"]
[Result "1/2-1/2"]
[WhiteElo "2460"]
[BlackElo "2575"]
[PlyCount "23"]
[EventDate "1996.03.??"]
[EventType "tourn"]
[EventRounds "11"]
[EventCountry "ARG"]
[EventCategory "11"]
[SourceTitle "CBM 052"]
[Source "ChessBase"]
[SourceDate "1996.06.01"]
[SourceVersion "1"]
[SourceVersionDate "1996.06.01"]
[SourceQuality "1"]

1. d4 f5 2. g3 Nf6 3. Bg2 g6 4. c3 Bg7 5. Nf3 O-O 6. O-O e6 7. Nbd2 Nc6 8. Qc2
d5 9. Ne1 e5 10. dxe5 Nxe5 11. Ndf3 Nf7 12. Nd3 1/2-1/2

[Event "Villa Gesell"]
[Site "Villa Gesell"]
[Date "1996.??.??"]
[Round "6"]
[White "Sorin, Ariel"]
[Black "Rodriguez Vila, Andres"]
[Result "0-1"]
[WhiteElo "2505"]
[BlackElo "2575"]
[PlyCount "64"]
[EventDate "1996.03.??"]
[EventType "tourn"]
[EventRounds "11"]
[EventCountry "ARG"]
[EventCategory "11"]
[SourceTitle "CBM 052"]
[Source "ChessBase"]
[SourceDate "1996.06.01"]
[SourceVersion "1"]
[SourceVersionDate "1996.06.01"]
[SourceQuality "1"]

1. d4 f5 2. Nc3 d5 3. Bg5 Nf6 4. Bxf6 exf6 5. e3 Be6 6. Bd3 Nc6 7. Qf3 Qd7 8.
a3 Ne7 9. Nge2 c6 10. Nf4 Bf7 11. Nh5 O-O-O 12. Na4 g6 13. Nc5 Qd6 14. Ng3 Kb8
15. b4 Nc8 16. Rb1 Qc7 17. O-O Nd6 18. Rb3 Ne4 19. Qe2 Ka8 20. Rfb1 Nxg3 21.
hxg3 Rb8 22. Qe1 Bxc5 23. bxc5 h5 24. Rb6 h4 25. gxh4 Rxh4 26. g3 Rh7 27. Qb4
Be6 28. Ba6 axb6 29. Bf1 b5 30. a4 Rbh8 31. axb5 Rh1+ 32. Kg2 Qh7 0-1

[Event "Villa Gesell"]
[Site "Villa Gesell"]
[Date "1996.??.??"]
[Round "7"]
[White "Rodriguez Vila, Andres"]
[Black "Garcia Palermo, Carlos H"]
[Result "0-1"]
[WhiteElo "2575"]
[BlackElo "2490"]
[PlyCount "74"]
[EventDate "1996.03.??"]
[EventType "tourn"]
[EventRounds "11"]
[EventCountry "ARG"]
[EventCategory "11"]
[SourceTitle "CBM 052"]
[Source "ChessBase"]
[SourceDate "1996.06.01"]
[SourceVersion "1"]
[SourceVersionDate "1996.06.01"]
[SourceQuality "1"]

1. e4 c6 2. d4 d5 3. e5 Bf5 4. Be2 e6 5. Nf3 Nd7 6. O-O h6 7. b3 Ne7 8. c4 g5
9. Nc3 Ng6 10. cxd5 cxd5 11. Bd3 Bb4 12. Nxd5 Bxd3 13. Qxd3 exd5 14. e6 Nb8 15.
h4 Qe7 16. exf7+ Qxf7 17. h5 Ne7 18. Ne5 Qf5 19. Qb5+ Nbc6 20. Nxc6 Nxc6 21.
Qxb7 Rc8 22. Be3 Qd7 23. Qb5 O-O 24. Rac1 Ba3 25. Rc2 Ne5 26. Qa5 Rxc2 27. dxe5
Rxa2 28. e6 Qe7 29. b4 Re8 30. Bd4 Qxe6 31. Qxa7 Qf7 32. Qa6 Bb2 33. Qxa2 Bxd4
34. Rd1 Bb6 35. Qxd5 Re1+ 36. Kh2 Bc7+ 37. Kh3 Rh1+ 0-1

[Event "Villa Gesell"]
[Site "Villa Gesell"]
[Date "1996.??.??"]
[Round "8"]
[White "Rodriguez Vila, Andres"]
[Black "Ricardi, Pablo"]
[Result "0-1"]
[WhiteElo "2575"]
[BlackElo "2555"]
[PlyCount "70"]
[EventDate "1996.03.??"]
[EventType "tourn"]
[EventRounds "11"]
[EventCountry "ARG"]
[EventCategory "11"]
[SourceTitle "CBM 052"]
[Source "ChessBase"]
[SourceDate "1996.06.01"]
[SourceVersion "1"]
[SourceVersionDate "1996.06.01"]
[SourceQuality "1"]

1. e4 c5 2. Nf3 d6 3. d4 cxd4 4. Nxd4 Nf6 5. Nc3 e6 6. Be3 Nc6 7. f3 a6 8. Qd2
Be7 9. g4 Nxd4 10. Qxd4 O-O 11. O-O-O b5 12. g5 Nd7 13. h4 Rb8 14. Qd2 Bb7 15.
h5 Ne5 16. f4 b4 17. Nd5 exd5 18. fxe5 Qa5 19. Kb1 d4 20. Bf2 Bxe4 21. Rg1 dxe5
22. Re1 Bf5 23. g6 Rbc8 24. Bd3 Bxd3 25. Qxd3 Bf6 26. Qf3 Qd8 27. gxh7+ Kh8 28.
Rg4 a5 29. Bg3 Re8 30. Rxe5 d3 31. Rxe8+ Qxe8 32. Qxd3 Rd8 33. Qf3 Qc6 34. Qe2
Qg2 35. Qe1 Qf3 0-1

[Event "Villa Gesell"]
[Site "Villa Gesell"]
[Date "1996.??.??"]
[Round "9"]
[White "Hoffman, Alejandro"]
[Black "Rodriguez Vila, Andres"]
[Result "0-1"]
[WhiteElo "2410"]
[BlackElo "2575"]
[PlyCount "80"]
[EventDate "1996.03.??"]
[EventType "tourn"]
[EventRounds "11"]
[EventCountry "ARG"]
[EventCategory "11"]
[SourceTitle "CBM 052"]
[Source "ChessBase"]
[SourceDate "1996.06.01"]
[SourceVersion "1"]
[SourceVersionDate "1996.06.01"]
[SourceQuality "1"]

1. d4 f5 2. g3 Nf6 3. Bg2 g6 4. b3 Bg7 5. Bb2 O-O 6. Nf3 d6 7. Nbd2 Nc6 8. O-O
Qe8 9. Re1 e5 10. e4 f4 11. d5 Nd8 12. c4 fxg3 13. fxg3 Nf7 14. b4 Bg4 15. Qc2
Bh6 16. Nb3 Qd7 17. Bc1 Bxc1 18. Raxc1 Bxf3 19. Bxf3 Ng5 20. Bg2 Ng4 21. Re2
Nf3+ 22. Bxf3 Rxf3 23. Nd2 Rf7 24. Rf1 Raf8 25. Qd1 c6 26. Rxf7 Rxf7 27. Qb3
Qc7 28. h3 Nf6 29. Nf3 h6 30. Kg2 Kg7 31. dxc6 Qxc6 32. c5 Qb5 33. Rc2 Nxe4 34.
a4 Qd7 35. cxd6 Qxd6 36. Re2 Ng5 37. Nxe5 Re7 38. Qb2 Kh7 39. h4 Qd5+ 40. Kf2
Ne4+ 0-1

[Event "Villa Gesell"]
[Site "Villa Gesell"]
[Date "1996.??.??"]
[Round "10"]
[White "Rodriguez Vila, Andres"]
[Black "Slipak, Sergio"]
[Result "1/2-1/2"]
[WhiteElo "2575"]
[BlackElo "2535"]
[PlyCount "104"]
[EventDate "1996.03.??"]
[EventType "tourn"]
[EventRounds "11"]
[EventCountry "ARG"]
[EventCategory "11"]
[SourceTitle "CBM 052"]
[Source "ChessBase"]
[SourceDate "1996.06.01"]
[SourceVersion "1"]
[SourceVersionDate "1996.06.01"]
[SourceQuality "1"]

1. e4 e5 2. Nf3 Nc6 3. Bc4 Bc5 4. c3 Nf6 5. d3 a6 6. Bb3 Ba7 7. O-O O-O 8. h3
d5 9. exd5 Nxd5 10. Re1 Qd6 11. Na3 Nf4 12. Bxf4 exf4 13. Nc4 Qf6 14. d4 Bf5
15. Nfe5 Nxe5 16. Nxe5 c5 17. Qf3 cxd4 18. Nxf7 dxc3 19. bxc3 Qh4 20. Kh1 Bxf2
21. Re2 Bg3 22. Qxb7 Bg6 23. Nd8+ Kh8 24. Qxa8 Rxd8 25. Qc6 f3 26. Qxf3 Bh5 27.
Qe4 Bxe2 28. Qxe2 Bd6 29. Qe3 Qf6 30. Bc4 Bc7 31. Re1 Rf8 32. Qd4 Qg5 33. Qf2
Bd6 34. Qe3 Qf6 35. Bxa6 Bb8 36. Qe7 Qf4 37. Qxf8+ Qxf8 38. Bb5 Kg8 39. Re8
Qxe8 40. Bxe8 Kf8 41. Bb5 Ke7 42. a4 Bc7 43. Kg1 Ba5 44. c4 Kd6 45. Kf2 Kc5 46.
Ke3 h5 47. Ke4 h4 48. Kf5 Kb6 49. Ke6 Kc5 50. Ke5 Bc3+ 51. Kf4 Be1 52. Kg5 Kb6
1/2-1/2

[Event "Barcelona op rap"]
[Site "Barcelona"]
[Date "1996.12.14"]
[Round "1"]
[White "Rodriguez Vila, Andres"]
[Black "Aguado Garcia, Saul"]
[Result "1-0"]
[WhiteElo "2565"]
[BlackElo "2050"]
[PlyCount "29"]
[EventDate "1996.12.??"]
[EventType "swiss (rapid)"]
[EventRounds "8"]
[EventCountry "ESP"]
[SourceTitle "EXT 2001"]
[Source "ChessBase"]
[SourceDate "2000.11.22"]
[SourceVersion "1"]
[SourceVersionDate "2000.11.22"]
[SourceQuality "1"]

1. e4 e5 2. Nf3 Nc6 3. Bb5 a6 4. Ba4 Nf6 5. d4 Nxe4 6. Qe2 Nf6 7. dxe5 Nd5 8.
Bb3 Nde7 9. Ng5 d5 10. exd6 Qxd6 11. Nxf7 Qf6 12. Nxh8 Ne5 13. O-O Bg4 14. f3
Bd7 15. Re1 1-0

[Event "Barcelona op rap"]
[Site "Barcelona"]
[Date "1996.12.14"]
[Round "2"]
[White "Catalan Escale, Enrique"]
[Black "Rodriguez Vila, Andres"]
[Result "0-1"]
[WhiteElo "2225"]
[BlackElo "2565"]
[PlyCount "61"]
[EventDate "1996.12.??"]
[EventType "swiss (rapid)"]
[EventRounds "8"]
[EventCountry "ESP"]
[SourceTitle "EXT 2001"]
[Source "ChessBase"]
[SourceDate "2000.11.22"]
[SourceVersion "1"]
[SourceVersionDate "2000.11.22"]
[SourceQuality "1"]

1. e4 e6 2. d4 d5 3. e5 c5 4. c3 Nc6 5. Nf3 Bd7 6. a3 Rc8 7. b4 cxd4 8. cxd4
Qb6 9. Be3 Nh6 10. Bd3 Nf5 11. Bxf5 exf5 12. O-O Be7 13. Qd2 a5 14. Nc3 Be6 15.
b5 Na7 16. Bg5 Bxg5 17. Nxg5 Rc4 18. Nf3 O-O 19. a4 Nc8 20. Rfc1 Qa7 21. Ne2
Nb6 22. Nf4 Rxc1+ 23. Rxc1 Nc4 24. Qd1 h6 25. Ne2 b6 26. Nd2 Qd7 27. Rc3 Rc8
28. Qa1 Qe7 29. Nxc4 Rxc4 30. Qa3 Qxa3 31. Rxa3 0-1

[Event "Barcelona op rap"]
[Site "Barcelona"]
[Date "1996.12.14"]
[Round "3"]
[White "Rodriguez Vila, Andres"]
[Black "Hernando Rodrigo, Jose Maria"]
[Result "0-1"]
[WhiteElo "2565"]
[BlackElo "2280"]
[PlyCount "49"]
[EventDate "1996.12.??"]
[EventType "swiss (rapid)"]
[EventRounds "8"]
[EventCountry "ESP"]
[SourceTitle "EXT 2001"]
[Source "ChessBase"]
[SourceDate "2000.11.22"]
[SourceVersion "1"]
[SourceVersionDate "2000.11.22"]
[SourceQuality "1"]

1. e4 e6 2. d4 d5 3. Nd2 c5 4. Ngf3 Nf6 5. e5 Nfd7 6. c3 Nc6 7. Bd3 cxd4 8.
cxd4 f6 9. Ng5 fxg5 10. Qh5+ g6 11. Bxg6+ hxg6 12. Qxg6+ Ke7 13. Ne4 Ndxe5 14.
dxe5 Kd7 15. Nf6+ Kc7 16. Bxg5 Bb4+ 17. Kf1 b6 18. Rc1 Ba6+ 19. Kg1 Kb7 20. a3
Be7 21. Qf7 Nxe5 22. Qxe6 Bxf6 23. Bf4 Qe8 24. Rc7+ Kxc7 25. Qxf6 0-1

[Event "Barcelona op rap"]
[Site "Barcelona"]
[Date "1996.12.15"]
[Round "5"]
[White "Rodriguez Vila, Andres"]
[Black "Jerez Perez, Alfonso"]
[Result "1-0"]
[WhiteElo "2565"]
[BlackElo "2315"]
[PlyCount "59"]
[EventDate "1996.12.??"]
[EventType "swiss (rapid)"]
[EventRounds "8"]
[EventCountry "ESP"]
[SourceTitle "EXT 2001"]
[Source "ChessBase"]
[SourceDate "2000.11.22"]
[SourceVersion "1"]
[SourceVersionDate "2000.11.22"]
[SourceQuality "1"]

1. e4 Nc6 2. Nf3 d6 3. d4 Nf6 4. d5 Nb8 5. Bd3 c5 6. c4 g6 7. Nc3 Bg7 8. O-O
O-O 9. Re1 e5 10. dxe6 Bxe6 11. Bf1 Nc6 12. Bf4 Qb6 13. Qd2 Rfd8 14. Nd5 Bxd5
15. exd5 Nd4 16. Nxd4 cxd4 17. Rad1 Nd7 18. b3 Re8 19. h3 a5 20. Rxe8+ Rxe8 21.
Re1 Rxe1 22. Qxe1 Ne5 23. Bd2 a4 24. b4 Qd8 25. Qd1 d3 26. Qc1 Qc8 27. c5 Bf8
28. f4 Nd7 29. c6 Nb6 30. Bxd3 1-0

[Event "Barcelona op rap"]
[Site "Barcelona"]
[Date "1996.12.15"]
[Round "6"]
[White "Rahal, Michael"]
[Black "Rodriguez Vila, Andres"]
[Result "1-0"]
[WhiteElo "2365"]
[BlackElo "2565"]
[PlyCount "115"]
[EventDate "1996.12.??"]
[EventType "swiss (rapid)"]
[EventRounds "8"]
[EventCountry "ESP"]
[SourceTitle "EXT 2001"]
[Source "ChessBase"]
[SourceDate "2000.11.22"]
[SourceVersion "1"]
[SourceVersionDate "2000.11.22"]
[SourceQuality "1"]

1. e4 c5 2. Nc3 Nc6 3. Nf3 g6 4. d4 cxd4 5. Nxd4 Bg7 6. Nde2 d6 7. h3 Nf6 8. g3
O-O 9. Bg2 Rb8 10. O-O b5 11. Nd5 Nd7 12. c3 e6 13. Nb4 Nxb4 14. cxb4 Ne5 15.
Be3 Nc4 16. Bxa7 Ra8 17. Bd4 Nxb2 18. Qc2 Nc4 19. Bxg7 Kxg7 20. a4 Bd7 21. axb5
Bxb5 22. Nd4 Qb6 23. Qc3 Kg8 24. Rxa8 Rxa8 25. Ra1 Rxa1+ 26. Qxa1 Ne5 27. Qc3
Bd7 28. Kh2 Nc6 29. Nxc6 Bxc6 30. h4 h5 31. Kg1 Qb5 32. Qd4 e5 33. Qb2 Qb7 34.
Qd2 Qb8 35. Qb2 Qb6 36. Qd2 Bb7 37. Qb2 Qc6 38. Qd2 Kh7 39. Kh2 Kg8 40. Kg1 {
Propongo tablas.} Ba6 41. Bf3 Bc4 42. Bg2 Qb6 43. Kh2 Bb5 44. Kg1 Qd4 $4 45.
Qxd4 exd4 46. f4 Kf8 47. Bf1 Bc6 48. Bd3 Ke7 49. Kf2 Kd7 50. e5 dxe5 51. fxe5
Bd5 52. Ke2 Kc7 53. Bc2 Kb6 54. Kd3 Kc7 55. Kxd4 Be6 56. Bd3 Kd7 57. Bc4 Bf5
58. Bxf7 1-0

[Event "Barcelona op rap"]
[Site "Barcelona"]
[Date "1996.12.15"]
[Round "8"]
[White "Bordell Rosell, Roman"]
[Black "Rodriguez Vila, Andres"]
[Result "1/2-1/2"]
[WhiteElo "2275"]
[BlackElo "2565"]
[PlyCount "67"]
[EventDate "1996.12.??"]
[EventType "swiss (rapid)"]
[EventRounds "8"]
[EventCountry "ESP"]
[SourceTitle "EXT 2001"]
[Source "ChessBase"]
[SourceDate "2000.11.22"]
[SourceVersion "1"]
[SourceVersionDate "2000.11.22"]
[SourceQuality "1"]

1. c4 f5 2. Nc3 Nf6 3. d4 g6 4. g3 Bg7 5. Bg2 O-O 6. h4 d6 7. Nh3 Nc6 8. Bg5
Qe8 9. Qd2 e5 10. d5 Ne7 11. Nb5 Qd8 12. Nc3 Bd7 13. e4 Qe8 14. Bh6 Bxh6 15.
Qxh6 Ng4 16. Qd2 f4 17. O-O-O f3 18. Bf1 h6 19. Bd3 a6 20. Kb1 b5 21. cxb5 axb5
22. Rc1 Qb8 23. Nd1 Qb6 24. Ne3 Nxe3 25. Qxe3 Qa5 26. a3 Kg7 27. h5 b4 28. hxg6
bxa3 29. b3 Rab8 30. Bc4 Ng8 31. Ng5 Rf6 32. Nxf3 Rbf8 33. Be2 Kxg6 34. Nh4+
1/2-1/2

[Event "Barcelona op rap"]
[Site "Barcelona"]
[Date "1996.12.15"]
[Round "8"]
[White "Rodriguez Vila, Andres"]
[Black "Gabarro Sole, Ramon"]
[Result "1-0"]
[WhiteElo "2565"]
[BlackElo "2235"]
[PlyCount "69"]
[EventDate "1996.12.??"]
[EventType "swiss (rapid)"]
[EventRounds "8"]
[EventCountry "ESP"]
[SourceTitle "EXT 2001"]
[Source "ChessBase"]
[SourceDate "2000.11.22"]
[SourceVersion "1"]
[SourceVersionDate "2000.11.22"]
[SourceQuality "1"]

1. e4 c5 2. Nf3 d6 3. d4 cxd4 4. Nxd4 Nf6 5. f3 Nc6 6. Nc3 Qb6 7. Nb3 g6 8. Qe2
Bg7 9. Be3 Qd8 10. O-O-O Be6 11. g4 Bxb3 12. cxb3 Qa5 13. Kb1 Nd7 14. Rc1 Nb4
15. Qb5 Qxb5 16. Bxb5 a6 17. Bxd7+ Kxd7 18. Na4 Ke6 19. Nb6 Rad8 20. Rc7 h5 21.
g5 Rb8 22. Rhc1 Rhe8 23. R1c4 Nc6 24. Nd5 f6 25. Rc1 Kf7 26. Nb6 Ne5 27. f4 Ng4
28. Bg1 fxg5 29. fxg5 Ne5 30. Nd5 Nc6 31. Be3 Rec8 32. Rf1+ Ke8 33. Ba7 Ra8 34.
Bb6 Rab8 35. Nf4 1-0

[Event "Braganca Paulista op"]
[Site "Sao Paulo"]
[Date "1997.??.??"]
[Round "2"]
[White "Rodriguez Vila, Andres"]
[Black "Sunye Neto, Jaime"]
[Result "0-1"]
[WhiteElo "2350"]
[BlackElo "2500"]
[PlyCount "76"]
[EventDate "1997.??.??"]
[EventType "swiss"]
[EventRounds "7"]
[EventCountry "BRA"]
[SourceTitle "EXT 2001"]
[Source "ChessBase"]
[SourceDate "2000.11.22"]
[SourceVersion "1"]
[SourceVersionDate "2000.11.22"]
[SourceQuality "1"]

1. e4 c5 2. Nf3 d6 3. d4 cxd4 4. Nxd4 Nf6 5. Nc3 a6 6. g3 e5 7. Nde2 b5 8. Bg2
Bb7 9. h3 Nbd7 10. g4 b4 11. Nd5 h5 12. gxh5 Bxd5 13. exd5 Nxh5 14. Be3 Be7 15.
Qd2 a5 16. a3 Rb8 17. axb4 axb4 18. Ra4 b3 19. c3 Qc8 20. Qd3 Nc5 21. Bxc5 Qxc5
22. Qc4 Qxc4 23. Rxc4 Nf6 24. Ng3 Nd7 25. Ke2 g6 26. Ra1 Nc5 27. Rb4 O-O 28.
Ra7 Bg5 29. Rg4 Bc1 30. h4 Ra8 31. Re7 Bxb2 32. Ne4 Ra2 33. Nxc5 Ba3+ 34. Kd3
Bxc5 35. Be4 Rc8 36. Bxg6 b2 37. Bxf7+ Kh8 38. Rg1 Ra1 0-1

[Event "Braganca Paulista op"]
[Site "Sao Paulo"]
[Date "1997.??.??"]
[Round "3"]
[White "Segal, Alexandru Sorin"]
[Black "Rodriguez Vila, Andres"]
[Result "1/2-1/2"]
[WhiteElo "2320"]
[BlackElo "2350"]
[PlyCount "78"]
[EventDate "1997.??.??"]
[EventType "swiss"]
[EventRounds "7"]
[EventCountry "BRA"]
[SourceTitle "EXT 2001"]
[Source "ChessBase"]
[SourceDate "2000.11.22"]
[SourceVersion "1"]
[SourceVersionDate "2000.11.22"]
[SourceQuality "1"]

1. d4 f5 2. Bg5 g6 3. Nc3 d5 4. e3 Bg7 5. h4 Nh6 6. Bxh6 Bxh6 7. f4 e6 8. Nf3
Bg7 9. Ne2 c5 10. c3 Qa5 11. h5 Nc6 12. dxc5 Qxc5 13. Ned4 Bd7 14. Qd3 a6 15.
Be2 b5 16. Nxc6 Bxc6 17. a3 Rb8 18. hxg6 hxg6 19. Rxh8+ Bxh8 20. Kf2 Bf6 21.
Rh1 Kf8 22. Nd4 Bd7 23. Rh7 Bg7 24. Nf3 Kg8 25. Rh3 Rb7 26. Rg3 Be8 27. Qd1 Bf6
28. Rh3 a5 29. Nd4 Qb6 30. g4 fxg4 31. Bxg4 Bf7 32. Qd3 Kg7 33. b4 axb4 34.
axb4 Qa6 35. Be2 Be8 36. Rh1 Rf7 37. Rg1 Bh4+ 38. Kf1 Rf8 39. Nf3 Bf6 1/2-1/2

[Event "Braganca Paulista op"]
[Site "Sao Paulo"]
[Date "1997.??.??"]
[Round "4"]
[White "Rodriguez Vila, Andres"]
[Black "Martins, Carlos"]
[Result "1-0"]
[WhiteElo "2350"]
[BlackElo "2300"]
[PlyCount "105"]
[EventDate "1997.??.??"]
[EventType "swiss"]
[EventRounds "7"]
[EventCountry "BRA"]
[SourceTitle "EXT 2001"]
[Source "ChessBase"]
[SourceDate "2000.11.22"]
[SourceVersion "1"]
[SourceVersionDate "2000.11.22"]
[SourceQuality "1"]

1. e4 c5 2. Ne2 e6 3. Nbc3 Nc6 4. g3 d5 5. exd5 exd5 6. Bg2 d4 7. Nd5 Nf6 8.
Nxf6+ Qxf6 9. O-O Bd6 10. d3 Bg4 11. f3 Bd7 12. Bd2 O-O 13. f4 Rfe8 14. h3 Nd8
15. g4 Qh4 16. Qe1 Qxe1 17. Raxe1 Nc6 18. Ng3 Rxe1 19. Rxe1 Re8 20. Ne4 Bf8 21.
Kf2 Nb4 22. Bxb4 cxb4 23. Re2 Rc8 24. f5 Ba4 25. b3 Bc6 26. Ng5 h6 27. Bxc6
Rxc6 28. Nf3 g6 29. Ke1 Bg7 30. Re8+ Kh7 31. fxg6+ Kxg6 32. Nh4+ Kg5 33. Nf5
Bf6 34. Kd2 h5 35. Rg8+ Kf4 36. Nh6 Rc7 37. Rf8 hxg4 38. hxg4 Bg5 39. Nxf7
Kxg4+ 40. Nxg5 Kxg5 41. Rd8 Rc5 42. Rxd4 a5 43. Rd7 Rb5 44. Rf7 Kg6 45. Rf2 Rf5
46. Rxf5 Kxf5 47. Ke3 Ke5 48. d4+ Kd5 49. Kd3 b6 50. Ke3 b5 51. Kd3 a4 52. Ke3
axb3 53. axb3 1-0

[Event "Braganca Paulista op"]
[Site "Sao Paulo"]
[Date "1997.??.??"]
[Round "5"]
[White "Hoffman, Alejandro"]
[Black "Rodriguez Vila, Andres"]
[Result "0-1"]
[WhiteElo "2480"]
[BlackElo "2350"]
[PlyCount "114"]
[EventDate "1997.??.??"]
[EventType "swiss"]
[EventRounds "7"]
[EventCountry "BRA"]
[SourceTitle "EXT 2001"]
[Source "ChessBase"]
[SourceDate "2000.11.22"]
[SourceVersion "1"]
[SourceVersionDate "2000.11.22"]
[SourceQuality "1"]

1. d4 e6 2. c4 f5 3. g3 Nf6 4. Bg2 d5 5. Nf3 c6 6. O-O Bd6 7. Qc2 O-O 8. b3 Qe7
9. Ne5 Bd7 10. Nd2 Be8 11. Ndf3 Nbd7 12. Nd3 Bh5 13. Nfe5 Kh8 14. e3 g5 15. f3
Rg8 16. Bb2 g4 17. c5 Bc7 18. f4 Be8 19. b4 h5 20. Rfb1 h4 21. Bc3 Nh5 22. Be1
Ndf6 23. a4 a6 24. Nc1 Ne4 25. Ne2 hxg3 26. hxg3 Qh7 27. Ra2 Kg7 28. Bxe4 dxe4
29. Qb3 Rh8 30. Kf1 Nf6 31. Ng1 Nd5 32. Nc4 Bf7 33. Rc2 Qg6 34. Rbb2 Rh1 35.
Ne5 Qh5 36. Rg2 Rh8 37. Rbe2 Be8 38. Nc4 Rh6 39. Qb2 Bf7 40. b5 cxb5 41. axb5
Be8 42. bxa6 bxa6 43. Na3 Qh3 44. Kf2 Qxg2+ 45. Kxg2 R6h2+ 46. Kf1 Nxe3+ 47.
Rxe3 Rxb2 48. d5 Ra2 49. d6 Bd8 50. Rb3 Bf6 51. Bf2 Bc6 52. Nb1 Rh2 53. Ne2 Bb5
54. Rxb5 axb5 55. c6 Ra1 56. c7 Rxb1+ 57. Be1 e3 0-1

[Event "Braganca Paulista op"]
[Site "Sao Paulo"]
[Date "1997.??.??"]
[Round "6"]
[White "Milos, Gilberto"]
[Black "Rodriguez Vila, Andres"]
[Result "1-0"]
[WhiteElo "2605"]
[BlackElo "2350"]
[PlyCount "55"]
[EventDate "1997.??.??"]
[EventType "swiss"]
[EventRounds "7"]
[EventCountry "BRA"]
[SourceTitle "EXT 2001"]
[Source "ChessBase"]
[SourceDate "2000.11.22"]
[SourceVersion "1"]
[SourceVersionDate "2000.11.22"]
[SourceQuality "1"]

1. e4 d5 2. exd5 Nf6 3. d4 Bg4 4. Nf3 Qxd5 5. Be2 Nc6 6. h3 Bh5 7. Be3 O-O-O 8.
Nbd2 e5 9. c4 Qa5 10. d5 Nd4 11. Bxd4 exd4 12. O-O Qb4 13. Nxd4 Qxb2 14. Bxh5
Qxd4 15. Bxf7 Kb8 16. Rb1 Qf4 17. g3 Qh6 18. Be6 Nd7 19. Nb3 Nc5 20. Na5 Ka8
21. Nxb7 Nxb7 22. Qa4 Bc5 23. Rxb7 Bb6 24. Rxa7+ Bxa7 25. Qc6+ Kb8 26. Rb1+ Bb6
27. c5 Qg6 28. Rxb6+ 1-0

[Event "Braganca Paulista op"]
[Site "Sao Paulo"]
[Date "1997.??.??"]
[Round "7"]
[White "Rodriguez Vila, Andres"]
[Black "Loureiro, Luiz R Vasconcelos"]
[Result "1-0"]
[WhiteElo "2350"]
[BlackElo "2365"]
[PlyCount "59"]
[EventDate "1997.??.??"]
[EventType "swiss"]
[EventRounds "7"]
[EventCountry "BRA"]
[SourceTitle "EXT 2001"]
[Source "ChessBase"]
[SourceDate "2000.11.22"]
[SourceVersion "1"]
[SourceVersionDate "2000.11.22"]
[SourceQuality "1"]

1. e4 c6 2. d4 d5 3. Nd2 dxe4 4. Nxe4 Bf5 5. Ng3 Bg6 6. h4 h6 7. Nf3 Nd7 8. h5
Bh7 9. Bd3 Bxd3 10. Qxd3 Ngf6 11. Bf4 e6 12. O-O-O Be7 13. Kb1 O-O 14. Ne4 Nxe4
15. Qxe4 a5 16. g4 a4 17. Rhg1 a3 18. b3 Nf6 19. Qe2 Nd5 20. Bd2 b5 21. Ne5 Qb6
22. Qd3 Rfd8 23. g5 hxg5 24. Bxg5 Ra7 25. h6 g6 26. Nxg6 Bxg5 27. Rxg5 fxg6 28.
h7+ Rxh7 29. Qxg6+ Kh8 30. Qxh7+ 1-0